Gerontologic human resources : the role of the paraprofessional /

Bibliographic Details
Main Author: Settin, Joan M.
Format: Book
Language:English
Published: New York, N.Y. : Human Sciences Press, [1982]
Subjects:

MARC

Tag First Indicator Second Indicator Subfields
LEADER 00000cam a22000008a 4500
001 in00000088597
005 20151008065140.0
008 810609s1982 nyu b 00110 eng
010 |a  81006315  
020 |a 0898850428 
035 |a (OCoLC)07574433 
035 |9 AAK5438AM 
039 0 |a 2  |b 3  |c 3  |d 3  |e 3 
040 |a DLC  |c DLC  |d TXA  |d UtOrBLW 
049 |a TXAM  |c [1805276] 
050 0 0 |a RA564.8  |b .S47 
060 0 |a WT 21 S495g 
082 0 |a 618.97/0233  |2 19 
100 1 |a Settin, Joan M. 
245 1 0 |a Gerontologic human resources :  |b the role of the paraprofessional /  |c Joan M. Settin. 
263 |a 8110 
264 1 |a New York, N.Y. :  |b Human Sciences Press,  |c [1982] 
264 4 |c ©1982 
300 |a 192 pages ;  |c 22 cm. 
336 |a text  |b txt  |2 rdacontent 
337 |a unmediated  |b n  |2 rdamedia 
338 |a volume  |b nc  |2 rdacarrier 
500 |a Includes index. 
504 |a Bibliography: pages 145-158. 
650 0 |a Older people  |x Health and hygiene. 
650 0 |a Older people  |x Mental health. 
650 0 |a Allied health personnel. 
650 2 |a Aging. 
650 2 |a Geriatrics  |x manpower. 
650 2 |a Allied Health Personnel. 
999 |a MARS 
999 f f |s 5367fbe4-e5d2-34ca-bc3b-008d6b6b1ce5  |i 3dec4c9f-3667-3484-a12c-7f3c0d476b25  |t 0 
952 f f |p ric  |a Texas A&M University  |b Rellis Campus  |c Joint Library Facility  |d Remote Storage  |t 0  |e RA564.8 .S47  |h Library of Congress classification  |i unmediated -- volume  |m A14806227657 
998 f f |a RA564.8 .S47  |t 0  |l Remote Storage